ICTs in Zambia: analysis of their growth, growth catalysts and constraints and the role of competition in their development (Record no. 46106)

MARC details
000 -LEADER
fixed length control field 00674nam a2200145 a 4500
008 - FIXED-LENGTH DATA ELEMENTS--GENERAL INFORMATION
fixed length control field 130304s2012 ||||||||||||||||| || u
050 ## - LIBRARY OF CONGRESS CALL NUMBER
Classification number THESIS/MBA
100 ## - MAIN ENTRY--PERSONAL NAME
Personal name Lungu, Chisepo
245 10 - TITLE STATEMENT
Title ICTs in Zambia: analysis of their growth, growth catalysts and constraints and the role of competition in their development
Statement of responsibility, etc. by Chisepo Lungu
260 ## - PUBLICATION, DISTRIBUTION, ETC.
Place of publication, distribution, etc. Kitwe:
Name of publisher, distributor, etc. Copperbelt University, School of Business, Department of Postgraduate studies
Date of publication, distribution, etc. 2012
300 ## - PHYSICAL DESCRIPTION
Extent xii, 99p.: ill.
500 ## - GENERAL NOTE
General note Bibliography
650 ## - SUBJECT ADDED ENTRY--TOPICAL TERM
Topical term or geographic name entry element ICTs--DEVELOPMENT--ZAMBIA
995 ## - RECOMMENDATION 995 [LOCAL, UNIMARC FRANCE]
-- CBU-MAIN LIBRARY (Kitwe)
-- 1
-- AVAILABLE
-- Mar 4, 2013
-- University Collection
Holdings
Withdrawn status Lost status Source of classification or shelving scheme Damaged status Not for loan Home library Current library Shelving location Date acquired Total Checkouts Full call number Barcode Date last seen Price effective from Koha item type
          CBU-MAIN LIBRARY, KITWE. CBU-MAIN LIBRARY, KITWE.   11/30/2022   THESIS/MBA B546 11/30/2022 11/30/2022 MONOGRAPH